| 000 | 00576nam a22001817a 4500 | ||
|---|---|---|---|
| 003 | CEME | ||
| 005 | 20210628203545.0 | ||
| 008 | 210119b xxu||||| |||| 00| 0 eng d | ||
| 020 | _a0-07-061768-6 | ||
| 040 | _c. | ||
| 082 | _a658.408 DES | ||
| 100 |
_aDeshmukh, L.M _966238 |
||
| 245 | _aIndustrial safety management, hazard identification and risk control | ||
| 260 |
_aINDIA _bTATA MCGRAW HILL _c2006 |
||
| 300 | _aXIX,370P | ||
| 650 |
_aINDUSTRIAL SAFETY MANAGEMENT.SAFETY MANAGEMENT TECHNIQUES.SAFETY PLANNING.SAFEGUARDING AGAINST HAZARDS. _966239 |
||
| 942 |
_cBK _2ddc |
||
| 999 |
_c574229 _d574229 |
||